Statystyki dla TOP 50 NAJLEPSZYCH KLUBÓW W TABELI WSZECH CZASÓ PL(ANG)

Kliknij tutaj aby rozwiązać quiz!

Ogólne statystyki

  • Ten quiz został rozwiązany 222 razy
  • Średni wynik to 17 z 50

Statystyki odpowiedzi

PunktyPoz.Klub% Poprawnych
63584Manchester United
95%
68391Liverpool
94%
52296Manchester City
94%
67152Arsenal
91%
50348Chelsea Londyn
69%
58975Aston Villa
62%
66463Everton
62%
50507Tottenham Hotspur
59%
257425Leicester City
58%
313318West Ham United
57%
294922Nottingham Forrest
53%
306120Leeds United
51%
48519Newcastle United
51%
212427Southampton
48%
117836Fulham
42%
456010Sunderland
42%
121335Norwich City
39%
299621Burnley
37%
355217Sheffield United
37%
370212Blackburn Rovers
36%
83640Crystal Palace
36%
56546Watford
35%
406511West Bromwich Albion
33%
275524Birmingham City
29%
89039Cardiff City
28%
42248Swansea City
27%
27450Brentford
26%
330316Derby County
24%
291723Stoke City
24%
177429Portsmouth
23%
355214Sheffield Wednesday
23%
147132Ipswich Town
19%
114637Queens Park Rangers
19%
43647Bristol City
18%
306819Middlesbrough
18%
369213Bolton Wanderers
17%
80741Luton Town
16%
33149Wigan Athletic
16%
152731Blackpool
15%
131833Charlton Athletic
15%
168630Coventry City
15%
181028Huddersfield Town
10%
72942Wimbledon
10%
58245Bradford City
6%
240326Preston North End
6%
101738Bury
3%
127634Notts County
3%
59844Grimsby town
1%
60643Oldham Athletic
1%
343215Wolverhamton Wonderers
0%

Rozkład punktacji

Percentyl według liczby udzielonych odpowiedzi

Procent ludzi z każdym wynikiem

Twoja historia wyników

Nie rozwiązałeś tego quizu